Nghiên cứu thiết kế hệ điều khiển ổ từ dọc trục có xét ảnh hưởng dòng xoáy : Luận án Tiến sĩ - Chuyên ngành: Kỹ thuật điều khiển và tự động hóa
Wedi'i Gadw mewn:
| Prif Awdur: | |
|---|---|
| Fformat: | Llyfr |
| Iaith: | Undetermined |
| Cyhoeddwyd: |
Đại học Bách khoa Hà Nội
2024
|
| Pynciau: | |
| Tagiau: |
Ychwanegu Tag
Dim Tagiau, Byddwch y cyntaf i dagio'r cofnod hwn!
|
| Thư viện lưu trữ: | Trung tâm Thư viện - Trường Đại học Công nghiệp TP. Hồ Chí Minh |
|---|
| LEADER | 00804nam a2200157Ia 4500 | ||
|---|---|---|---|
| 001 | IUH_2025_00511 | ||
| 008 | 251224s9999 xx 000 0 und d | ||
| 082 | |a 629.8 | ||
| 100 | |a Lê, Ngọc Hội | ||
| 245 | 0 | |a Nghiên cứu thiết kế hệ điều khiển ổ từ dọc trục có xét ảnh hưởng dòng xoáy : Luận án Tiến sĩ - Chuyên ngành: Kỹ thuật điều khiển và tự động hóa | |
| 245 | 0 | |c Lê, Ngọc Hội | |
| 260 | |b Đại học Bách khoa Hà Nội | ||
| 260 | |c 2024 | ||
| 650 | |a Điều khiển tự động; Luận án tiến sĩ; Ổ từ dọc trục; | ||
| 927 | |a Luận văn | ||
| 980 | |a Trung tâm Thư viện - Trường Đại học Công nghiệp TP. Hồ Chí Minh | ||